000 00277nam a2200121Ia 4500
005 20251222142000.0
008 251222s9999||||xx |||||||||||||| ||spa||
082 _a838.94/M22D
100 _aMann, Thomas
245 0 _aDoktor Faustus
264 _bArte y Literatura
942 _cLIB
999 _c9973
_d9973